000 00460nam a2200193Ia 4500
005 20240823062455.0
008 240823s9999||||xx |||||||||||||| ||und||
041 _aENGLISH
082 _A621.317 N4
100 _aMithal G K
245 0 _aElectronic Devices and Passive Circuits
250 _a1st
260 _c1994
_b"G K Pub,Jabalpur"
500 _aYES
650 _aElectronics
_bElectronics
700 _a Mithal R
942 _cBK
999 _c235963
_d235963